• 首页
  • 本馆介绍
  • 公告通知
  • 最新文献
  • 馆藏检索
  • 电子资源
  • 读者导购
  • 参考咨询
  • 我的图书馆
  • 登录
  • 详细信息显示
  • 放入我的书架
  • 预约/预借图书
  • 作者相关作品
  • 分类相关作品
  • 丛书相关作品
  • 出版社相关作品

书目信息

  • 表格格式
  • 工作单格式
  • 卡片格式
题名:
中国绿洲
    
 
作者: 申元村 , 汪久文 , 伍光和 , 韩德麟 著
分册:  
出版信息: 开封   河南大学出版社  2001
页数: 445页
开本: 26cm
丛书名:
单 册:
中图分类: P941.7
科图分类:
主题词: 绿洲--研究--中国
电子资源:
ISBN: 7-81041-615-4
000 00625nam0 2200229 45
001 0309230805
005 20031219104115.9
010    @a7-81041-615-4@dCNY66.00
100    @a20030923d2001 km y0chiy0120 ea
101 0  @achi
105    @aha z 000yy
200 1  @a中国绿洲@AZhong Guo Lu Zhou@f申元村等著@FShen Yuan Cun Deng Zhu
210    @a开封@c河南大学出版社@d2001
215    @a445页@c摹真,图@d26cm
606 0  @a绿洲@x研究@y中国
690    @aP941.7@v4
701    @a申元村@4著
701  0 @a汪久文@4著
701  0 @a伍光和@4著
701  0 @a韩德麟@4著
801    @aCN@bTSTC@c20030923
905    @b326147-149@dP941.7@e83@f3
    
    中国绿洲/申元村等著.-开封:河南大学出版社,2001
    445页:摹真,图;26cm
    
    
    ISBN 7-81041-615-4:CNY66.00
    
●
相关链接 在E读中查询图书 在五车中查询图书 在当当中查询图书 在豆瓣中查询图书


正题名:中国绿洲     索取号:P941.7/83         预约/预借

序号 登录号 条形码 馆藏地/架位号 状态 备注
1 0326147   203261479   第三借阅区/ [索取号:P941.7/83] 在馆    
2 0326148   203261488   第三借阅区/ [索取号:P941.7/83] 在馆    
3 0326149   203261497   第二样本阅览室/ [索取号:P941.7/83] 在馆    
唐山师范学院图书馆 欢迎您!
大连网信软件有限公司© 版权所有